Das Lomisoba-Fest: Volksreligiosität und Kirche in Georgien

Saved in:  
Bibliographic Details
Authors: Jödicke, Ansgar 1965- (Author) ; Friedli, Andrea 1979- (Author) ; Khutsishvili, Ketevan (Author)
Format: Print Article
Language:German
Check availability: HBZ Gateway
Interlibrary Loan:Interlibrary Loan for the Fachinformationsdienste (Specialized Information Services in Germany)
Published: 2017
In: Religion & Gesellschaft in Ost und West
Year: 2017, Volume: 45, Issue: 3, Pages: 22-25
Standardized Subjects / Keyword chains:B Georgia / Georgisch-Orthodoxe Kirche / Popular piety

MARC

LEADER 00000caa a2200000 c 4500
001 1903308615
003 DE-627
005 20250812161646.0
007 tu
008 240923s2017 xx ||||| 00| ||ger c
035 |a (DE-627)1903308615 
035 |a (DE-599)KXP1903308615 
040 |a DE-627  |b ger  |c DE-627  |e rda 
041 |a ger 
084 |a 0  |2 ssgn 
100 1 |e VerfasserIn  |0 (DE-588)121073823  |0 (DE-627)08106876X  |0 (DE-576)177751665  |4 aut  |a Jödicke, Ansgar  |d 1965- 
109 |a Jödicke, Ansgar 1965- 
245 1 4 |a Das Lomisoba-Fest  |b Volksreligiosität und Kirche in Georgien  |c Ansgar Jödicke, Andrea Friedli, Ketevan Khutsishvili 
264 1 |c 2017 
300 |b Illustrationen 
336 |a Text  |b txt  |2 rdacontent 
337 |a ohne Hilfsmittel zu benutzen  |b n  |2 rdamedia 
338 |a Band  |b nc  |2 rdacarrier 
689 0 0 |d g  |0 (DE-588)4022406-5  |0 (DE-627)104254505  |0 (DE-576)208943412  |2 gnd  |a Georgien 
689 0 1 |d b  |0 (DE-588)2110846-8  |0 (DE-627)101272782  |0 (DE-576)193418770  |2 gnd  |a Georgisch-Orthodoxe Kirche 
689 0 2 |d s  |0 (DE-588)4121880-2  |0 (DE-627)105766402  |0 (DE-576)20954693X  |2 gnd  |a Volksfrömmigkeit 
689 0 |5 (DE-627) 
700 1 |e VerfasserIn  |0 (DE-588)138789541  |0 (DE-627)605718784  |0 (DE-576)309066522  |4 aut  |a Friedli, Andrea  |d 1979- 
700 1 |e VerfasserIn  |0 (DE-588)1131898796  |0 (DE-627)886945496  |0 (DE-576)488563984  |4 aut  |a Khutsishvili, Ketevan 
773 0 8 |i Enthalten in  |t Religion & Gesellschaft in Ost und West  |d Zürich : Forum RGOW, Religion & Gesellschaft in Ost und West, 2011  |g 45(2017), 3, Seite 22-25  |w (DE-627)667475753  |w (DE-600)2626109-1  |w (DE-576)350044155  |x 0254-4377  |7 nnas 
773 1 8 |g volume:45  |g year:2017  |g number:3  |g pages:22-25 
951 |a AR 
ELC |b 1 
ORI |a SA-MARC-ixtheo_oa001.raw 
REL |a 1 
STA 0 0 |a Georgia,Republic,Popular piety,Popular piety,Popular devotion 
STB 0 0 |a Religiosité populaire,Religiosité populaire 
STC 0 0 |a Religiosidad popular,Religiosidad popular 
STD 0 0 |a Devozione popolare <motivo>,Devozione popolare,Pietà popolare,Pietà popolare,Pietà popolare (motivo),Pietà popolare 
STE 0 0 |a 民间信仰 
STF 0 0 |a 民間信仰 
STG 0 0 |a Religiosidade popular,Religiosidade popular 
STH 0 0 |a Народные верования (мотив),Народные верования 
STI 0 0 |a Λαϊκή ευσέβεια (μοτίβο),Λαϊκή ευσέβεια 
SUB |a REL 
SYG 0 0 |a Grusinien,Grusien,Republik Georgien,Sak'art'velo,Sak'art'velos Respublika,Georgische Republik,Demokratische Republik Georgien,Gruzija,Respublika Gruzija,Géorgie,République Géorgienne,Georgia,Republic of Georgia , Gruzinskaja Pravoslavnaja Cerkov',Georgian Orthodox Church,Georgische Orthodoxe Kirche,Orthodox-Apostolische Kirche von Georgien,Orthodoxe Kirche,Orthodoxe Kirche von Georgien,Église orthodoxe géorgienne , Volksreligiosität,Volksreligiösität,Volksreligiosität,Lived religion 
TIM |a 000000000000_100019210224  |b  - 1921-02-24